| 000 -LEADER |
| fixed length control field |
01085nam a22001457a 4500 |
| 008 - FIXED-LENGTH DATA ELEMENTS--GENERAL INFORMATION |
| fixed length control field |
230915b ||||| |||| 00| 0 eng d |
| 100 ## - MAIN ENTRY--PERSONAL NAME |
| Personal name |
Sturm, John |
| 245 ## - TITLE STATEMENT |
| Title |
How should sanctions account for bystander countries? |
| 260 ## - PUBLICATION, DISTRIBUTION, ETC. (IMPRINT) |
| Place of publication, distribution, etc |
AEA Papers and Proceedings |
| 300 ## - PHYSICAL DESCRIPTION |
| Extent |
113, May, 2023: p.39-42 |
| 520 ## - SUMMARY, ETC. |
| Summary, etc |
Neutral "bystander countries" have profoundly shaped the impact of trade sanctions imposed on Russia following its invasion of Ukraine. How should sanctions account for the presence of such bystanders? I study this question in a simple trade model where a sanctioning country places tariffs on imports from a sanctioned country in the presence of a neutral third country. Optimal tariffs-as-sanctions are lower on goods that the sanctioner can import from bystanders. On goods that the sanctionee can export to bystanders, tariffs-as-sanctions are higher given an elasticity of (excess) supply to the sanctioner but lower given a total elasticity of supply.- Reproduced |
| 773 ## - HOST ITEM ENTRY |
| Main entry heading |
AEA Papers and Proceedings |
| 906 ## - LOCAL DATA ELEMENT F, LDF (RLIN) |
| Subject DIP |
FINANCIAL SANCTIONS |
| 942 ## - ADDED ENTRY ELEMENTS (KOHA) |
| Item type |
Articles |